000 00394nam a2200133Ia 4500
008 220217s9999||||xx |||||||||||||| ||und||
020 _a81-7635-054-0
082 _a004.65 ZAK
100 _aZakour, Jhon Foust, Jeff & Kerven, David
_91252
245 0 _aHTML 4: the definitive HTML 4 problem solver
260 _aTechmedia
_bNew Delhi
_c1998
300 _b399
650 _aCOMPUTER NETWORK
999 _c166141
_d166141